Countries by their Independance from the UK - Statistics

General Stats
  • This quiz has been taken 17 times
  • The average score is 2 of 7
Answer Stats
Hint Answer % Correct
4th of July, 1776 United States of America
94%
6th of December, 1922 Ireland
69%
28th of February, 1922 Egypt
44%
3rd of October, 1932 Iraq
19%
6th of March, 1957 Ghana
13%
12th of March, 1968 Mauritius
6%
7th of July,1978 Solomon Islands
0%
No matching quizzes found
Score Distribution
Percent of People with Each Score
Percentile by Number Answered
Your Score History
You have not taken this quiz